Detalles MARC
| 000 -LEADER |
| fixed length control field |
01986nam a2200457Ii 4500 |
| 001 - CONTROL NUMBER |
| control field |
DIGABYALA0306 |
| 003 - CONTROL NUMBER IDENTIFIER |
| control field |
NyNyDIG |
| 006 - FIXED-LENGTH DATA ELEMENTS--ADDITIONAL MATERIAL CHARACTERISTICS |
| fixed length control field |
m o d |
| 007 - PHYSICAL DESCRIPTION FIXED FIELD--GENERAL INFORMATION |
| fixed length control field |
cr ||||||||||| |
| 008 - FIXED-LENGTH DATA ELEMENTS--GENERAL INFORMATION |
| fixed length control field |
220917s2011 ec ob 000 0 spa d |
| 035 ## - SYSTEM CONTROL NUMBER |
| System control number |
(OCoLC)884726002 |
| 040 ## - CATALOGING SOURCE |
| Original cataloging agency |
DGITA |
| Language of cataloging |
eng |
| Description conventions |
rda |
| -- |
pn |
| Transcribing agency |
DGITA |
| 020 ## - INTERNATIONAL STANDARD BOOK NUMBER |
| Canceled/invalid ISBN |
9789978229842 |
| Qualifying information |
Abya Yala |
| 020 ## - INTERNATIONAL STANDARD BOOK NUMBER |
| Canceled/invalid ISBN |
9789978194683 |
| Qualifying information |
Universidad Andina Simón Bolívar |
| 043 ## - GEOGRAPHIC AREA CODE |
| Geographic area code |
s-ec--- |
| 050 14 - LIBRARY OF CONGRESS CALL NUMBER |
| Classification number |
KHK2914 2008 ebook |
| 100 1# - MAIN ENTRY--PERSONAL NAME |
| Personal name |
Ávila Santamaría, Ramiro, |
| Relator term |
author. |
| 245 13 - TITLE STATEMENT |
| Title |
El neoconstitucionalismo transformador : |
| Remainder of title |
el Estado y el derecho en la Constitución de 2008 / |
| Statement of responsibility, etc. |
Ramiro Ávila Santamaría ; Alberto Acosta y Esperanza Martínez, editores. |
| 264 #1 - PRODUCTION, PUBLICATION, DISTRIBUTION, MANUFACTURE, AND COPYRIGHT NOTICE |
| Place of production, publication, distribution, manufacture |
Quito, Ecuador : |
| Name of producer, publisher, distributor, manufacturer |
Abya Yala : |
| -- |
Universidad Andina Simón Bolívar, |
| Date of production, publication, distribution, manufacture, or copyright notice |
[2011] |
| 300 ## - PHYSICAL DESCRIPTION |
| Extent |
1 online resource. |
| 336 ## - CONTENT TYPE |
| Content type term |
text |
| Content type code |
txt |
| Source |
rdacontent |
| 337 ## - MEDIA TYPE |
| Media type term |
computer |
| Media type code |
c |
| Source |
rdamedia |
| 338 ## - CARRIER TYPE |
| Carrier type term |
online resource |
| Carrier type code |
cr |
| Source |
rdacarrier |
| 347 ## - DIGITAL FILE CHARACTERISTICS |
| File type |
text file |
| Source |
rdaft |
| 347 ## - DIGITAL FILE CHARACTERISTICS |
| Encoding format |
PDF |
| 500 ## - GENERAL NOTE |
| General note |
"Universidad Politécnica Salesiana"--Cover. |
| 504 ## - BIBLIOGRAPHY, ETC. NOTE |
| Bibliography, etc. note |
Includes bibliographical references. |
| 588 0# - SOURCE OF DESCRIPTION NOTE |
| Source of description note |
Online resource; title from PDF title page (Digitalia, viewed September 17, 2022) |
| 610 10 - SUBJECT ADDED ENTRY--CORPORATE NAME |
| Corporate name or jurisdiction name as entry element |
Ecuador. |
| Title of a work |
Constitución (2008) |
| 650 #0 - SUBJECT ADDED ENTRY--TOPICAL TERM |
| Topical term or geographic name entry element |
Constitutional law |
| Geographic subdivision |
Ecuador. |
| 651 #0 - SUBJECT ADDED ENTRY--GEOGRAPHIC NAME |
| Geographic name |
Ecuador |
| General subdivision |
Politics and government |
| Chronological subdivision |
21st century. |
| 655 #0 - INDEX TERM--GENRE/FORM |
| Genre/form data or focus term |
Electronic books. |
| 700 1# - ADDED ENTRY--PERSONAL NAME |
| Personal name |
Acosta, Alberto, |
| Dates associated with a name |
1948- |
| Relator term |
editor. |
| 700 1# - ADDED ENTRY--PERSONAL NAME |
| Personal name |
Martínez, Esperanza |
| Fuller form of name |
(Martínez Yánez), |
| Dates associated with a name |
1959- |
| Relator term |
editor. |
| 791 2# - |
| -- |
Digitalia (Firm), |
| -- |
distributor. |
| 793 0# - |
| -- |
Digitalia eBook Collection: |
| -- |
Ediciones Abya-Yala |
| 776 08 - ADDITIONAL PHYSICAL FORM ENTRY |
| Relationship information |
Print version: |
| Main entry heading |
Ávila Santamaría, Ramiro. |
| Title |
Neoconstitucionalismo transformador. |
| Edition |
Primera edición. |
| Place, publisher, and date of publication |
Quito, Ecuador : Abya Yala : Universidad Andina Simón Bolívar, 2011 |
| International Standard Book Number |
9789978229842 |
| 856 40 - ELECTRONIC LOCATION AND ACCESS |
| Materials specified |
Digitalia Hispánica |
| Uniform Resource Identifier |
<a href="https://www.digitaliapublishing.com/a/111634/">https://www.digitaliapublishing.com/a/111634/</a> |
| 910 ## - USER-OPTION DATA (OCLC) |
| User-option data |
Premium collection: 2022 |
| 942 ## - ADDED ENTRY ELEMENTS (KOHA) |
| Koha item type |
Recurso Electrónico |